Visualizzazione normale
Vista MARC
- De Chiara G.
di Personal Name
Records bibliografici associati: 1
001 - CONTROL NUMBER
- control field: 13379
003 - CONTROL NUMBER IDENTIFIER
- control field: IT-RoPau
005 - DATE AND TIME OF LATEST TRANSACTION
- control field: 20140213110259.0
008 - FIXED-LENGTH DATA ELEMENTS
- fixed length control field: 140213|| aca||aabn | a|a d
040 ## - CATALOGING SOURCE
- Original cataloging agency: IT-RoPau
- Transcribing agency: IT-RoPau
100 ## - HEADING--PERSONAL NAME
- Personal name: De Chiara G.
- Miscellaneous information: Codice autore musica SPICS: 16143
- Relator term: Autore musica
- Name of part/section of a work: E' tutta robba mia
670 ## - SOURCE DATA FOUND
- Source citation: Work cat.: (IT-RoPau)99025: AA.VV. 794, Roma canta